[Event "20th Heraklion IT Open 2017"]
[Site "Heraklion"]
[Date "2017.04.21"]
[Round "6"]
[White "Maris, Ioannis"]
[Black "Sourgkounis, Angelos"]
[Result "1-0"]
[WhiteElo "1967"]
[BlackElo "1960"]
[Annotator "NA RC"]
[PlyCount "87"]
[EventDate "2017.??.??"]
[EventType "swiss"]
[EventCountry "GRE"]
[SourceTitle "playchess.com"]
[Source "ChessBase"]
[SourceQuality "1"]
[TimeControl "40/5400+30:1800+30"]

1. e4 {[%emt 0:01:34]} Nf6 {[%emt 0:06:30]} 2. e5 {[%emt 0:02:21]} Nd5 {[%emt 0:00:03]} 3. d4 {[%emt 0:00:14]} d6 {[%emt 0:00:03]} 4. c4 {[%emt 0:00:46]} Nb6 {[%emt 0:00:03]} 5. exd6 {[%emt 0:00:17]} exd6 {[%emt 0:00:03]} 6. Nf3 {[%emt 0:00:31]} Be7 {[%emt 0:00:18] LiveBook: 80 Games} 7. Nc3 {[%emt 0:01:42]} O-O {[%emt 0:01:13]} 8. Be2 {[%emt 0:00:41]} Nc6 {[%emt 0:01:27]} 9. h3 {[%emt 0:15:49]} Bf5 {[%emt 0:03:13]} 10. O-O {[%emt 0:03:47]} Bf6 {[%emt 0:06:29]} 11. Be3 {[%emt 0:07:11] B03: Alekhine's Defence: Four Pawns Attack} Re8 {[%emt 0:03:03]} (11... d5 12. c5 Nc4 13. Bc1 b6 14. b3 N4a5 15. cxb6 axb6 16. Bf4 Nb4 17. Qd2 Re8 18. Rac1 Rc8 {1-0 (40) Rozentalis,E (2588)-Krasenkow,M (2631) Warsaw 2009}) 12. Rc1 {[%emt 0:05:12]} d5 {[%emt 0:06:30]} 13. cxd5 {[%emt 0:00:26]} Nb4 {[%emt 0:00:20]} 14. d6 {[%emt 0:04:44]} cxd6 {[%emt 0:04:56]} 15. Qb3 {[%emt 0:06:04]} a5 {[%emt 0:13:06]} 16. Rfd1 $146 {[%emt 0:12:17]} d5 {[%emt 0:08:27]} 17. Bb5 {[%emt 0:03:49]} Re6 {[%emt 0:06:51]} 18. a3 {[%emt 0:03:01]} Nc6 {[%emt 0:04:22]} 19. Na4 {[%emt 0:00:59]} Nxa4 {[%emt 0:02:23]} 20. Qxa4 {[%emt 0:00:04]} Rc8 {[%emt 0:04:25]} 21. Rc3 {[%emt 0:03:41]} Be7 {[%emt 0:11:07]} 22. Rdc1 {[%emt 0:03:37]} Rg6 {[%emt 0:01:01]} 23. Kf1 {[%emt 0:01:05]} Be4 {[%emt 0:02:22]} 24. Bxc6 {[%emt 0:03:21]} Rgxc6 {[%emt 0:04:18]} 25. Rxc6 {[%emt 0:00:34]} bxc6 {[%emt 0:01:41]} 26. Ne5 {[%emt 0:00:53]} Bd6 {[%emt 0:07:00]} 27. Nxc6 {[%emt 0:02:45]} Qe8 {[%emt 0:00:44]} 28. b4 {[%emt 0:06:16]} axb4 {[%emt 0:00:58]} 29. axb4 {[%emt 0:00:03]} Bd3+ {[%emt 0:00:24]} 30. Kg1 {[%emt 0:01:25]} Bc4 {[%emt 0:00:47]} 31. Rxc4 $4 {[%emt 0:05:49]} (31. b5 $11 {and White is okay.}) 31... dxc4 {[%emt 0:00:04]} 32. b5 {[%emt 0:01:04]} Ra8 {[%emt 0:01:40]} 33. Qd1 {[%emt 0:00:44]} h6 {[%emt 0:00:18]} 34. d5 {[%emt 0:02:16]} Qe4 {[%emt 0:00:33]} 35. b6 {[%emt 0:00:50]} Qd3 $2 (35... Ra2 $19 {is more deadly.} 36. b7 Rb2 37. b8=Q+ Bxb8 38. Nxb8 Rb1) 36. Qxd3 {[%emt 0:00:59]} cxd3 {[%emt 0:00:16]} 37. g3 {[%emt 0:00:15]} Ra1+ {[%emt 0:00:07]} 38. Kg2 {[%emt 0:00:04]} Rb1 {[%emt 0:00:24]} 39. Kf3 {[%emt 0:01:04]} Rb2 {[%emt 0:00:06]} (39... Kf8 $17 40. Ke4 {[#]} Rxb6 $1 {[%mdl 512]}) 40. Na5 {[%emt 0:00:00]} Rb4 $16 {[%emt 0:01:32] [#]} (40... Rb5 $17 {keeps the pressure on.} 41. Nc4 Bb4) 41. Nb7 $1 {[%emt 0:02:58]} d2 {[%emt 0:27:21]} 42. Ke2 {[%emt 0:00:43]} Rb5 {[%emt 0:01:41]} 43. Nxd6 {[%emt 0:05:40]} Rxd5 {[%emt 0:00:10]} 44. Kd1 {[%emt 0:00:14]} 1-0

[Event "20th Heraklion IT Open 2017"]
[Site "Heraklion"]
[Date "2017.04.21"]
[Round "6"]
[White "Fragiadakis, Emanouel"]
[Black "Mardoyan Ararat, T  Artur"]
[Result "1-0"]
[WhiteElo "1827"]
[BlackElo "1502"]
[Annotator "NA RC"]
[PlyCount "123"]
[EventDate "2017.??.??"]
[EventType "swiss"]
[EventCountry "GRE"]
[SourceTitle "playchess.com"]
[Source "ChessBase"]
[SourceQuality "1"]
[TimeControl "40/5400+30:1800+30"]

1. d4 {[%emt 0:00:03]} Nf6 {[%emt 0:00:06]} 2. c4 {[%emt 0:00:03]} e6 {[%emt 0:00:04]} 3. Nf3 {[%emt 0:00:10]} b6 {[%emt 0:03:00]} 4. Bf4 {[%emt 0:00:33]} Bb7 {[%emt 0:00:13]} 5. e3 {[%emt 0:00:10]} d5 {[%emt 0:01:11] E12: Queen's Indian: Unusual White 4th moves, 4 a3, 4 Nc3 Bb7 5 a3 and 4 Nc3 Bb7} (5... Bb4+ 6. Nc3 O-O 7. Bd3 d6 8. Qc2 c5 9. O-O cxd4 10. exd4 Bxc3 11. bxc3 Bxf3 12. gxf3 Nc6 13. Kh1 e5 14. Be3 d5 15. Rg1 dxc4 {1-0 (35) Nguyen,N (2629)-Anton Guijarro,D (2650) Doha 2016}) 6. Nc3 {[%emt 0:00:47]} Nbd7 {[%emt 0:01:43]} 7. h3 {[%emt 0:00:20]} Be7 {[%emt 0:07:06]} 8. Bd3 {[%emt 0:00:28]} O-O {[%emt 0:00:36]} 9. O-O {[%emt 0:00:08]} Ne4 {[%emt 0:11:39]} 10. cxd5 $146 {[%emt 0:07:13]} (10. Qc2 f5 11. Ne5 c6 12. f3 Nxe5 13. Bxe5 Nd6 14. b3 Bf6 15. e4 dxc4 {1-0 (67) Xiang,E (1806)-Nguyen,E (1944) Manchester 2016}) 10... Nxc3 {[%emt 0:01:52]} 11. bxc3 {[%emt 0:00:12]} Bxd5 {[%emt 0:00:32]} 12. e4 {[%emt 0:12:19]} Bb7 {[%emt 0:00:09]} 13. c4 {[%emt 0:03:06]} Nf6 {[%emt 0:19:15]} 14. Qc2 {[%emt 0:04:56]} Nh5 {[%emt 0:02:51]} 15. Be3 {[%emt 0:03:46]} g6 {[%emt 0:01:44]} 16. Rad1 {[%emt 0:09:14]} c6 {[%emt 0:01:25]} 17. e5 {[%emt 0:32:11]} Qc7 {[%emt 0:05:58]} 18. Nd2 {[%emt 0:07:19]} c5 {[%emt 0:01:58]} 19. Be4 {[%emt 0:02:52]} cxd4 {[%emt 0:02:17]} 20. Bxd4 {[%emt 0:00:34]} Rfd8 {[%emt 0:00:56]} 21. Bxb7 {[%emt 0:00:54]} Qxb7 {[%emt 0:00:02]} 22. Be3 {[%emt 0:03:26]} Rac8 {[%emt 0:02:29]} 23. g4 {[%emt 0:01:17]} Ng7 {[%emt 0:00:05]} 24. Ne4 {[%emt 0:00:24]} Qc7 {[%emt 0:13:44]} 25. Rxd8+ {[%emt 0:00:05]} Rxd8 {[%emt 0:01:05]} 26. f4 {[%emt 0:00:51]} Ne8 {[%emt 0:00:41]} 27. Qa4 {[%emt 0:03:59]} Kf8 {[%emt 0:01:16]} 28. Rc1 {[%emt 0:02:26]} Rd3 {[%emt 0:00:03]} 29. Kf2 {[%emt 0:00:42]} Qb7 {[%emt 0:04:24]} 30. c5 {[%emt 0:00:55]} b5 {[%emt 0:07:23]} 31. c6 {[%emt 0:01:17]} Qxc6 {[%emt 0:00:02]} 32. Rxc6 {[%emt 0:00:10]} bxa4 {[%emt 0:00:03]} 33. Ke2 {[%emt 0:02:31]} Rd7 {[%emt 0:01:01]} 34. Rc8 {[%emt 0:00:34]} a3 {[%emt 0:03:15]} 35. f5 {[%emt 0:00:33]} Rd8 {[%emt 0:01:25]} 36. Bh6+ {[%emt 0:00:07]} (36. Rxd8 $16 {White threatens Bh6+ and mate.} Bxd8 37. fxe6 (37. Bxa7 gxf5 38. gxf5 exf5 $11)) 36... Kg8 {[%emt 0:00:13]} 37. Rc6 {[%emt 0:00:49]} exf5 {[%emt 0:05:13]} 38. gxf5 {[%emt 0:00:03]} gxf5 {[%emt 0:01:39]} 39. Ng3 {[%emt 0:00:20]} Bf8 {[%emt 0:00:41]} 40. Nxf5 {[%emt 0:00:00]} Rd5 {[%emt 0:00:38]} 41. Bf4 {[%emt 0:03:16]} f6 {[%emt 0:05:46]} 42. Nd6 {[%emt 0:05:23]} fxe5 $2 {[%emt 0:02:38]} (42... Nxd6 $11 {and Black has nothing to worry.} 43. exd6 Kf7) 43. Nxe8 {[%emt 0:00:29]} Kf7 {[%emt 0:00:00] [#]} 44. Nc7 $18 {[%emt 0:01:24]} Rd6 {[%emt 0:05:56]} 45. Rxd6 {[%emt 0:00:21]} Bxd6 {[%emt 0:00:02]} 46. Nb5 {[%emt 0:00:12]} exf4 {[%emt 0:03:12]} 47. Nxd6+ {[%emt 0:00:50]} Ke6 {[%emt 0:00:16]} 48. Nc4 {[%emt 0:01:36]} Kd5 {[%emt 0:00:31]} 49. Nxa3 {[%emt 0:00:23]} Kc5 {[%emt 0:02:29]} 50. Kf3 {[%emt 0:00:56]} Kb4 {[%emt 0:00:03]} 51. Nb1 {[%emt 0:00:15]} Kc4 {[%emt 0:00:12]} 52. Kxf4 {[%emt 0:00:13]} Kd3 {[%emt 0:00:02]} 53. Na3 {[%emt 0:01:30]} a5 {[%emt 0:01:01]} 54. Kg5 {[%emt 0:00:17]} a4 {[%emt 0:01:25]} 55. Kh6 {[%emt 0:00:30]} Kc3 {[%emt 0:00:05]} 56. Kxh7 {[%emt 0:00:43]} Kb2 {[%emt 0:01:22]} 57. Nb5 {[%emt 0:00:21]} Kxa2 {[%emt 0:01:01]} 58. Nc3+ {[%emt 0:00:17]} Kb3 {[%emt 0:00:02]} 59. Nxa4 {[%emt 0:00:15]} Kxa4 {[%emt 0:00:01]} 60. Kg7 {[%emt 0:00:13]} Kb5 {[%emt 0:00:02]} 61. h4 {[%emt 0:00:35]} Kc5 {[%emt 0:00:03]} 62. h5 {[%emt 0:00:48]} 1-0

[Event "20th Heraklion IT Open 2017"]
[Site "Heraklion"]
[Date "2017.04.21"]
[Round "6"]
[White "Brokalakis - Gounaris, Christos"]
[Black "Lampadariou, Nikolaos"]
[Result "1/2-1/2"]
[WhiteElo "1773"]
[BlackElo "1948"]
[Annotator "NA"]
[PlyCount "42"]
[EventDate "2017.??.??"]
[EventType "swiss"]
[EventCountry "GRE"]
[SourceTitle "playchess.com"]
[Source "ChessBase"]
[SourceQuality "1"]
[TimeControl "40/5400+30:1800+30"]

1. d4 {[%emt 0:00:00]} d5 {[%emt 0:00:30]} 2. c4 {[%emt 0:01:05]} c6 {[%emt 0:00:44]} 3. cxd5 {[%emt 0:00:41]} cxd5 {[%emt 0:01:04]} 4. Bf4 {[%emt 0:01:07]} Nc6 {[%emt 0:03:37]} 5. Nc3 {[%emt 0:01:03] LiveBook: 418 Games} Nf6 $14 {[%emt 0:00:34]} 6. Nf3 {[%emt 0:00:55]} e6 {[%emt 0:07:38]} 7. h3 {[%emt 0:04:10]} Bb4 {[%emt 0:03:49]} 8. Rc1 {[%emt 0:03:21]} Qa5 {[%emt 0:05:37]} 9. Qc2 {[%emt 0:05:16]} Qxa2 {[%emt 0:06:27]} 10. e3 {[%emt 0:04:01]} Ne4 {[%emt 0:09:53]} 11. Bb5 {[%emt 0:05:27]} Nxc3 {[%emt 0:02:50]} 12. bxc3 {[%emt 0:01:35]} Qxc2 {[%emt 0:00:17]} 13. Rxc2 {[%emt 0:00:02]} Be7 {[%emt 0:00:27]} 14. c4 {[%emt 0:07:15]} a6 {[%emt 0:10:53]} 15. Bxc6+ {[%emt 0:04:36]} bxc6 {[%emt 0:00:06]} 16. Ne5 {[%emt 0:00:33]} dxc4 {[%emt 0:16:03]} 17. Nxc6 {[%emt 0:06:10]} Bd7 {[%emt 0:05:17]} 18. Nxe7 {[%emt 0:00:48]} Kxe7 {[%emt 0:00:06]} 19. Rxc4 {[%emt 0:00:57]} Rhc8 {[%emt 0:01:58]} 20. Rxc8 {[%emt 0:01:06]} Rxc8 {[%emt 0:00:05]} 21. Kd2 {[%emt 0:00:40]} Bb5 {[%emt 0:03:27]} 1/2-1/2

[Event "20th Heraklion IT Open 2017"]
[Site "Heraklion"]
[Date "2017.04.21"]
[Round "6"]
[White "Papidakis, Georgios"]
[Black "Koutsourakis, Ioannis"]
[Result "1/2-1/2"]
[WhiteElo "1618"]
[BlackElo "1543"]
[Annotator "NA RC"]
[PlyCount "85"]
[EventDate "2017.??.??"]
[EventType "swiss"]
[EventCountry "GRE"]
[SourceTitle "playchess.com"]
[Source "ChessBase"]
[SourceQuality "1"]
[TimeControl "40/5400+30:1800+30"]

1. d4 {[%emt 0:00:00]} d5 {[%emt 0:00:07]} 2. c4 {[%emt 0:00:00]} c6 {[%emt 0:00:06]} 3. cxd5 {[%emt 0:00:00]} cxd5 {[%emt 0:00:06]} 4. Bf4 {[%emt 0:00:00]} Nc6 {[%emt 0:00:33]} 5. e3 {[%emt 0:00:04]} a6 {[%emt 0:01:01]} 6. Bd3 {[%emt 0:00:18]} e6 {[%emt 0:02:58]} 7. Nf3 {[%emt 0:00:16]} Nf6 {[%emt 0:00:27]} 8. O-O {[%emt 0:00:21]} Bd6 {[%emt 0:04:01]} 9. Bg5 {[%emt 0:00:13]} O-O {[%emt 0:01:33]} 10. Nc3 {[%emt 0:00:25]} Be7 {[%emt 0:06:51]} 11. a3 {[%emt 0:01:33]} b5 {[%emt 0:00:45]} 12. Qc2 {[%emt 0:10:59]} h6 {[%emt 0:06:57]} 13. Bxf6 {[%emt 0:00:42]} Bxf6 {[%emt 0:00:10]} 14. Nxb5 {[%emt 0:00:29]} Bb7 {[%emt 0:01:36]} 15. Nc3 {[%emt 0:00:42]} e5 {[%emt 0:14:44]} 16. dxe5 {[%emt 0:00:39]} Nxe5 {[%emt 0:00:12]} 17. Nxe5 {[%emt 0:01:12]} Bxe5 {[%emt 0:00:11]} 18. Qb3 {[%emt 0:35:58]} Rb8 {[%emt 0:09:19]} 19. Rfd1 {[%emt 0:10:33]} Qd6 {[%emt 0:09:25]} 20. h3 {[%emt 0:05:32]} Qe6 {[%emt 0:02:32]} 21. Be2 {[%emt 0:10:15]} Rfd8 {[%emt 0:04:51]} 22. Rac1 {[%emt 0:03:49]} Bc6 {[%emt 0:03:31]} 23. Qc2 {[%emt 0:03:28]} a5 {[%emt 0:01:42]} 24. Bg4 {[%emt 0:01:25]} Qe7 {[%emt 0:05:33]} 25. Bf3 {[%emt 0:02:39]} Qe6 {[%emt 0:01:50]} 26. Bg4 {[%emt 0:05:52]} Qe7 {[%emt 0:00:21]} 27. Ne2 {[%emt 0:01:33]} Ba8 {[%emt 0:06:28]} 28. Nd4 {[%emt 0:00:56]} Rb6 {[%emt 0:01:26]} 29. Qc5 {[%emt 0:03:57]} Qxc5 {[%emt 0:05:57]} 30. Rxc5 {[%emt 0:00:01]} Rxb2 {[%emt 0:00:12]} 31. Rxa5 {[%emt 0:00:21]} Bc7 {[%emt 0:00:27]} 32. Rb5 {[%emt 0:01:05]} Ra2 {[%emt 0:00:40]} 33. Rb3 {[%emt 0:00:38]} Bd6 {[%emt 0:01:54]} 34. g3 {[%emt 0:00:33]} Bxa3 {[%emt 0:02:11]} 35. Rdb1 {[%emt 0:00:21]} Bd6 {[%emt 0:04:12]} 36. Nf5 {[%emt 0:00:35]} Be5 {[%emt 0:01:57]} 37. Rd1 {[%emt 0:00:29]} Ra1 {[%emt 0:00:56]} 38. Rxa1 {[%emt 0:00:21]} Bxa1 {[%emt 0:00:01]} 39. Bf3 {[%emt 0:00:32]} Bf6 {[%emt 0:00:29]} 40. Ra3 {[%emt 0:00:00]} Bc6 {[%emt 0:01:19]} 41. Ra6 {[%emt 0:02:00]} Rc8 {[%emt 0:04:56]} 42. Nd6 {[%emt 0:11:16]} Rc7 {[%emt 0:00:40]} 43. Nxf7 {[%emt 0:00:43]} 1/2-1/2

[Event "20th Heraklion IT Open 2017"]
[Site "Heraklion"]
[Date "2017.04.21"]
[Round "6"]
[White "Kouvidis, Ioannis"]
[Black "Pelantakis, Mihail"]
[Result "1-0"]
[WhiteElo "1387"]
[BlackElo "1737"]
[Annotator "NA"]
[PlyCount "81"]
[EventDate "2017.??.??"]
[EventType "swiss"]
[EventCountry "GRE"]
[SourceTitle "playchess.com"]
[Source "ChessBase"]
[SourceQuality "1"]
[TimeControl "40/5400+30:1800+30"]

1. e4 {[%emt 0:00:00]} c5 {[%emt 0:00:05]} 2. Nf3 {[%emt 0:00:00]} a6 {[%emt 0:00:16]} 3. c3 {[%emt 0:00:00]} e6 {[%emt 0:00:09]} 4. d4 {[%emt 0:00:19]} d5 {[%emt 0:00:15]} 5. exd5 {[%emt 0:00:22]} exd5 {[%emt 0:00:32]} 6. dxc5 {[%emt 0:00:28]} Bxc5 {[%emt 0:00:43]} 7. Bd3 {[%emt 0:00:37]} Nf6 {[%emt 0:00:44]} 8. O-O {[%emt 0:00:41]} O-O {[%emt 0:00:43]} 9. Bf4 {[%emt 0:00:50]} Nc6 {[%emt 0:03:35]} 10. Nbd2 {[%emt 0:00:16]} Bg4 {[%emt 0:09:48]} 11. Nb3 {[%emt 0:01:20]} Ba7 {[%emt 0:03:05]} 12. h3 {[%emt 0:01:24]} Bh5 {[%emt 0:02:41]} 13. Bg5 {[%emt 0:01:29]} Bb8 {[%emt 0:14:36]} 14. Be2 {[%emt 0:00:46]} Qd6 {[%emt 0:13:07]} 15. g3 {[%emt 0:01:24]} Rd8 {[%emt 0:17:48]} 16. Bf4 {[%emt 0:02:44]} Qe7 {[%emt 0:01:36]} 17. Bxb8 {[%emt 0:00:15]} Raxb8 {[%emt 0:00:10]} 18. Nfd4 {[%emt 0:01:33]} Bxe2 {[%emt 0:04:47]} 19. Nxe2 {[%emt 0:01:02]} Ne5 {[%emt 0:02:35]} 20. Nbd4 {[%emt 0:00:55]} Nc4 {[%emt 0:02:23]} 21. b3 {[%emt 0:00:59]} Nd6 {[%emt 0:04:36]} 22. Nf4 {[%emt 0:00:45]} Nde4 {[%emt 0:00:58]} 23. Re1 {[%emt 0:00:34]} Qc5 {[%emt 0:02:51]} 24. Rc1 {[%emt 0:00:32]} b5 {[%emt 0:03:03]} 25. Nd3 {[%emt 0:00:41]} Qb6 {[%emt 0:02:53]} 26. Nf4 {[%emt 0:12:43]} Rbc8 {[%emt 0:01:12]} 27. Qf3 {[%emt 0:00:39]} b4 {[%emt 0:06:52]} 28. Nde2 {[%emt 0:01:31]} bxc3 {[%emt 0:01:12]} 29. Nxc3 {[%emt 0:00:10]} Rxc3 {[%emt 0:01:14]} 30. Rxc3 {[%emt 0:00:42]} Qxf2+ {[%emt 0:00:29]} 31. Qxf2 {[%emt 0:00:16]} Nxf2 {[%emt 0:00:11]} 32. Kxf2 {[%emt 0:00:05]} Ne4+ {[%emt 0:00:03]} 33. Rxe4 {[%emt 0:00:16]} dxe4 {[%emt 0:00:07]} 34. Ke3 {[%emt 0:00:15]} g5 {[%emt 0:00:11]} 35. Nh5 {[%emt 0:00:23]} f5 {[%emt 0:00:09]} 36. g4 {[%emt 0:01:41]} f4+ {[%emt 0:01:30]} 37. Kxe4 {[%emt 0:00:21]} Rf8 {[%emt 0:00:01]} 38. h4 {[%emt 0:01:52]} h6 {[%emt 0:00:20]} 39. hxg5 {[%emt 0:00:20]} hxg5 {[%emt 0:00:03]} 40. a4 {[%emt 0:00:00]} Rb8 {[%emt 0:01:35]} 41. Kf5 {[%emt 0:01:17]} 1-0

[Event "20th Heraklion IT Open 2017"]
[Site "Heraklion"]
[Date "2017.04.22"]
[Round "7"]
[White "Antic, Dejan"]
[Black "Maris, Ioannis"]
[Result "0-1"]
[WhiteElo "2472"]
[BlackElo "1967"]
[Annotator "TA"]
[PlyCount "70"]
[EventDate "2017.??.??"]
[EventType "swiss"]
[EventCountry "GRE"]
[SourceTitle "playchess.com"]
[Source "ChessBase"]
[SourceQuality "1"]

{[%evp 16,69,0,-10,12,0,10,-20,-14,-9,-20,-41,-41,-60,-17,-193,-204,-214,-206,-291,-287,-337,-320,-318,-314,-290,-261,-327,-327,-310,-317,-315,-328,-469,-468,-489,-495,-456,-466,-551,-556,-842,-686,-737,-720,-895,-869,-860,-845,-29975,-29978,-29979,-29979,-29979,-29981,-29999]} 1. d4 Nf6 2. c4 e6 3. g3 d5 4. Bg2 Be7 5. Nf3 O-O 6. O-O Nbd7 7. Nc3 dxc4 8. e4 c6 9. Bf4 Bb4 {E07: Closed Catalan: Main Line (5 Nf3 0-0 6 0-0 Nbd7)} (9... Re8 10. a4 b6 11. Qe2 Ba6 12. Rfd1 Bb4 13. Ne1 Qc8 14. Nc2 Bf8 15. Ne3 e5 16. dxe5 Nxe5 17. Bxe5 Rxe5 {0-1 (53) Tomashevsky,E (2728)-Ding,L (2766) Wijk aan Zee 2016}) 10. Qc2 b5 11. e5 $146 (11. a4 Bb7 12. e5 Nd5 13. Ng5 g6 14. axb5 Bxc3 15. Bxd5 cxd5 16. bxc3 Qb6 17. Nf3 Qxb5 {½-½ (51) Mahjoob,M (2498)-Negi,P (2592) Subic Bay 2009}) 11... Nd5 {[%cal Bf6d5,Bd5b4,Bb4d3][%mdl 32] The position is equal.} 12. Ng5 {[%csl Gg5][%cal Rc2h7] [#]} g6 13. Bd2 Be7 14. h4 Rb8 15. Rfe1 $2 {[#]} (15. Nxd5 $11 {and White has nothing to worry.} cxd5 16. a3) 15... Nb4 $1 $19 {[%cal Rb4c2]} 16. Qd1 Nd3 17. Re4 (17. Bxc6 $142 b4 18. Ne2) 17... Nxb2 18. Qg4 f5 (18... b4 19. Nd1) 19. exf6 Nxf6 20. Qe2 Nxe4 21. Qxe4 Nd3 22. Nxe6 Bxe6 (22... Nxf2 23. Qxc6 Bxe6 24. Qxe6+ Kh8 25. Nd5 $19) 23. Qxe6+ Kg7 24. Ne4 (24. Rf1 {keeps fighting.}) 24... Bf6 25. h5 Bxd4 26. Rf1 Qe8 (26... Nxf2 27. Nxf2 Rxf2 28. Rxf2 Bxf2+ 29. Kh2 $19) 27. Qh3 Rd8 {aiming for ...Nxf2!} 28. Ng5 Rd6 29. hxg6 Qxg6 30. Be4 Nxf2 31. Rxf2 Bxf2+ 32. Kg2 Rxd2 {Black mates.} (32... Qh6 33. Bc3+ Rff6 34. Bxf6+ Rxf6 35. Qd7+ Kh8 36. Nxh7 $17) 33. Bxg6 Be3+ (33... Kxg6 34. Ne4 Be3+ 35. Nxd2 Rf2+ 36. Kh1 Bxd2 37. Qe6+ Rf6 38. Qe4+ Kh6 39. Qh4+ Kg7 40. Qg4+ Kh6 41. Qh4+ Kg6 42. Qe4+ Kh6 43. Qh4+ $11) 34. Kh1 Rd1+ (34... Kxg6 35. Qe6+ Rf6 36. Qe4+ Kh6 37. Qh4+ Kg6 38. Qe4+ Kh6 39. Qh4+ Kg6 40. Qe4+ $11) (34... hxg6 35. Ne6+ Kg8 36. Nxf8 Kxf8 37. Qe6 $11) ({Less strong is} 34... Bxg5 35. Qxh7+ Kf6 36. Be4 $17) 35. Kg2 Rf2# (35... Kxg6 36. Qe6+ Rf6 37. Qxe3 $14) (35... hxg6 36. Ne6+ Kg8 37. Nxf8 Kxf8 38. Qh8+ Kf7 39. Qh7+ Kf6 40. Qh8+ Kf7 41. Qh7+ Kf6 42. Qh8+ Kf7 $11) ({Inferior is} 35... Bxg5 36. Qxh7+ Kf6 37. Be4 $11) 0-1

[Event "20th Heraklion IT Open 2017"]
[Site "Heraklion"]
[Date "2017.04.22"]
[Round "7"]
[White "Friedel, Marcus"]
[Black "Wallace, John Paul"]
[Result "1-0"]
[WhiteElo "2182"]
[BlackElo "2404"]
[Annotator "TA"]
[PlyCount "51"]
[EventDate "2017.??.??"]
[EventType "swiss"]
[EventCountry "GRE"]
[SourceTitle "playchess.com"]
[Source "ChessBase"]
[SourceQuality "1"]

{[%evp 13,51,8,26,0,0,-12,-21,-18,56,55,92,81,124,133,143,95,120,106,112,94,218,215,216,201,320,268,282,276,270,252,291,275,323,285,284,251,268,266,392,404]} 1. e4 c5 2. c3 d5 3. exd5 Qxd5 4. d4 Nf6 {[%cal Bg8f6,Bf6d5,Bd5e3][%mdl 32]} 5. Nf3 Bg4 6. dxc5 Qxd1+ 7. Kxd1 Nc6 8. Be3 {B22: Sicilian: 2 c3} (8. h3 O-O-O+ 9. Ke1 Bxf3 10. gxf3 e6 11. b4 Be7 12. a3 Rd5 13. Ra2 Rf5 14. f4 Rd8 15. Rg1 Nh5 {1-0 (51) Zhigalko,S (2667)-Negi,P (2658) Baku 2012}) 8... Nd5 9. Bc4 Nxe3+ 10. fxe3 {The position is equal.} O-O-O+ $146 ({Black should play} 10... e6 $11) (10... e6 11. b4 a5 12. Bb5 Be7 13. a3 Bf6 14. Ra2 Ke7 15. Rd2 Rhd8 {½-½ (44) Stich,T (2099)-Wantoch Rekowski,J (2288) ICCF corr 2004}) 11. Nbd2 $14 e6 {[#]} 12. b4 $1 Be7 13. Kc2 Bf5+ 14. Kb3 Bg6 15. Rad1 Rd7 16. Be2 Bd3 (16... Rhd8 $16) 17. Bxd3 $18 Rxd3 {[#]} 18. Nc4 $1 Rhd8 {[#]} (18... Rxd1 $142 19. Rxd1 f6) 19. Nd6+ $1 {[%mdl 512]} R3xd6 (19... Bxd6 20. Rxd3) 20. cxd6 Bxd6 21. Rd2 a6 22. Rhd1 Kc7 23. c4 b6 24. a3 h6 25. e4 f6 (25... Be7 $142 26. Rxd8 Nxd8) 26. Nd4 1-0

[Event "20th Heraklion IT Open 2017"]
[Site "Heraklion"]
[Date "2017.04.22"]
[Round "7"]
[White "Lirindzakis, Timotheos"]
[Black "Damia, Angelo"]
[Result "0-1"]
[WhiteElo "2177"]
[BlackElo "2417"]
[Annotator "TA"]
[PlyCount "104"]
[EventDate "2017.??.??"]
[EventType "swiss"]
[EventCountry "GRE"]
[SourceTitle "playchess.com"]
[Source "ChessBase"]
[SourceQuality "1"]

{[%evp 16,104,56,42,45,6,20,-14,-16,-16,-5,-38,-20,-52,-53,-57,-66,-64,-33,-50,-43,-52,-32,-25,-12,-44,-14,-29,-16,-38,-40,-58,-4,-29,-38,-51,-38,-66,-69,-57,-64,-77,-79,-88,-74,-148,-47,-29,-39,-33,-33,-83,-62,-76,-91,-76,-56,-366,-364,-356,-184,-184,-184,-183,-172,-161,-163,-146,-146,-218,-189,-503,-494,-438,-431,-421,-329,-789,-687,-756,-739,-701,-632,-609,-524,-803,-789,-791,-511,-789,-706]} 1. d4 Nf6 2. c4 e6 3. Nf3 a6 4. Nc3 c5 5. d5 b5 6. Bg5 b4 7. Ne4 Be7 {E10: Blumenfeld Gambit} 8. Bxf6 Bxf6 9. Qd2 {LiveBook: 5 Games} O-O {White is slightly better.} 10. e3 d6 11. Nxf6+ $146 (11. dxe6 $5 {creates asymmetry.} Bxe6 12. Qc2 Nc6 13. Rd1 Bf5 14. Bd3) (11. a3 bxa3 12. Rxa3 e5 13. Nxf6+ Qxf6 14. e4 Qg6 15. Qe3 {1-0 (27) Banikas,H (2620)-Bryan Vissi,M (1808) Porto Carras 2011}) 11... Qxf6 12. Be2 exd5 13. cxd5 Bf5 14. O-O Nd7 15. Ne1 Nb6 16. f3 Na4 17. e4 Bd7 18. Rb1 $1 Bb5 19. Rf2 Rfb8 20. Bd1 Nb6 {[%cal Ba4b6,Bb6c4,Bc4e5,Be5d7,Bd7f6,Bf6e4][%mdl 32]} 21. Nc2 Nc4 22. Qc1 Ne5 {Hoping for ...Nd3.} 23. Ne1 c4 (23... Qe7 $15) 24. f4 Nd7 $36 {[%mdl 2048] Black fights for an advantage.} 25. Qe3 Re8 26. Nf3 Qe7 27. Bc2 Nf6 {Strongly threatening ...Ng4.} 28. Qd4 Nxe4 29. Re2 {[%cal Re2e4]} f5 30. Ng5 {[#]} (30. Ree1 $142) 30... Qa7 (30... c3 $6 31. Re3 $15) (30... Qf6 $1 $17 {[%cal Rf6d4]} 31. Qxf6 Nxf6 32. Rxe8+ Rxe8 33. Bxf5 Re2) 31. Qxa7 $15 Rxa7 32. Bxe4 fxe4 33. Re3 Rae7 34. Rbe1 {[#]} a5 $1 35. Rxe4 (35. Nxe4 $6 Rc7 $11) 35... Rxe4 36. Rxe4 $4 {[%mdl 8192]} (36. Nxe4 $15 c3 37. bxc3) 36... c3 $19 37. bxc3 Rxe4 (37... bxc3 $142 38. Ne6 c2) 38. Nxe4 {[%mdl 4096] Endgame aiming for cxb4. KB-KN} Bd3 39. Nf2 Bc4 40. cxb4 axb4 {[%cal Ba5b4,Bb4b3][%mdl 32]} 41. g4 Kf7 ({Don't play} 41... Bxa2 $6 42. Nd3 $11) 42. h4 (42. Nd1 $17) 42... Kf6 ({Not} 42... Bxa2 43. Nd3 $17) 43. Kh2 $2 (43. h5 {is a better chance.}) 43... Bxa2 44. Nd3 b3 ({Weaker is} 44... Bxd5 45. Nxb4 Be6 46. Kg3 $11) 45. Nb2 Bb1 46. Na4 $2 (46. Kg3 Be4 47. Nd1) 46... Be4 {Black is clearly winning.} 47. Nc3 Bd3 48. Na4 Bc4 49. Kg3 Bxd5 50. Kf2 {[#]} h5 $1 {[%mdl 512]} 51. gxh5 Kf5 52. Kg3 (52. Ke3 $142 Kg4 53. Kd2) 52... Be4 0-1